|
|
|
|
| LEADER |
00000nam0a2200000 4500 |
| 001 |
141336 |
| 005 |
20231031142412.0 |
| 010 |
|
|
|a 3540676295
|
| 035 |
|
|
|a (RuTPU)RU\TPU\book\153186
|
| 090 |
|
|
|a 141336
|
| 100 |
|
|
|a 20080808d2001 k y0rusy50 ca
|
| 101 |
0 |
|
|a eng
|
| 102 |
|
|
|a DE
|
| 105 |
|
|
|a a z 001zy
|
| 200 |
1 |
|
|a Numerical Methods in Computational Electrodynamics. Linear Systems in Practical Applications
|f U. Rienen
|
| 210 |
|
|
|a Berlin
|c Springer-Verlag
|d 2001
|
| 215 |
|
|
|a 375 p.
|c il.
|
| 320 |
|
|
|a References: p. 337-352.
|
| 320 |
|
|
|a Index: p. 363-375.
|
| 610 |
1 |
|
|a электродинамика
|
| 610 |
1 |
|
|a классическая электродинамика
|
| 610 |
1 |
|
|a числовая теория поля
|
| 610 |
1 |
|
|a линейные системы
|
| 610 |
1 |
|
|a электростатика
|
| 610 |
1 |
|
|a магнитостатика
|
| 610 |
1 |
|
|a числовые методы
|
| 610 |
1 |
|
|a практические приложения
|
| 610 |
1 |
|
|a английский язык
|
| 675 |
|
|
|a 537.8
|v 3
|
| 700 |
|
1 |
|a Rienen
|b U.
|g Ursula
|
| 801 |
|
1 |
|a RU
|b 63413507
|c 20080808
|g PSBO
|
| 801 |
|
2 |
|a RU
|b 63413507
|c 20080908
|g PSBO
|
| 942 |
|
|
|c BK
|